| 000 | 01165nam a2200361Ia 4500 | ||
|---|---|---|---|
| 001 | Z_6500 | ||
| 003 | CHAP | ||
| 008 | 220113s2007 xx 000 0 und d | ||
| 010 | _a169766 | ||
| 020 | _a978-0-9555011-1-1 | ||
| 040 | _cCHAP | ||
| 082 | _a637.541 C68 | ||
| 100 |
_aCoutts, Jeffrey A. _9144972 |
||
| 245 |
_aManual práctico de calidad del huevo / _cJeffrey A. Coutts y Graham C. Wilson; revisión de esta versión Sergio Fernández...[et. al.] |
||
| 250 | _arevisión versión 2007 | ||
| 260 |
_aInglaterra : _b5M Publishing, _c2007 |
||
| 300 | _a65 p. | ||
| 503 | _aej.1: donación \ ej.2: donación \ ej.3: donación \ ej.4: donación 2018 \ ej.5: donación 2018 | ||
| 504 | _aIncluye índice | ||
| 650 |
_aCáscara del huevo _9144973 |
||
| 650 |
_aHuevos _x _x Calidad _9144974 |
||
| 650 |
_aHuevos _x _x Producción _9143063 |
||
| 650 |
_aPollos _x _x Alimentacion y alimentos _9144975 |
||
| 650 |
_aYema del huevo _9144976 |
||
| 700 |
_a Fernández, Sergio, rev. _9144977 |
||
| 700 |
_aWilson, Graham C., coaut. _9144978 |
||
| 901 | _a637.541 C68 | ||
| 902 | _aM | ||
| 910 | _a2007 | ||
| 942 | _c1 | ||
| 942 | _cc1 | ||
| 999 |
_c169766 _d169766 |
||